000 00545nam a2200217Ia 4500
008 170203s9999 xx 000 0 und d
020 _a962258232x
050 _a960.921
050 _b.K19 1998
100 _aMagno, Alexander R.
245 2 _aA Nation Reborn /
260 _aMandaluyong City :
260 _bAsia Publishing House.
260 _c1998
300 _b10 v. : col. ill. ;
300 _c29 cm.
440 _vvolume 9
650 _aPhilippines --
650 _aPhilippines -- Social conditions.
650 _xHistory.
999 _c305530
_d305530